The political economy of innovation
Zapisane w:
| 1. autor: | |
|---|---|
| Format: | Książka |
| Język: | Undetermined |
| Wydane: |
Boston
Martinus Nijhoff Publishers
1984
|
| Hasła przedmiotowe: | |
| Etykiety: |
Dodaj etykietę
Nie ma etykietki, Dołącz pierwszą etykiete!
|
| Thư viện lưu trữ: | Trung tâm Học liệu Trường Đại học Cần Thơ |
|---|
| LEADER | 00528nam a2200193Ia 4500 | ||
|---|---|---|---|
| 001 | CTU_85287 | ||
| 008 | 210402s9999 xx 000 0 und d | ||
| 082 | |a 338 | ||
| 082 | |b K52 | ||
| 100 | |a Kingston, William | ||
| 245 | 4 | |a The political economy of innovation | |
| 245 | 0 | |c William Kingston | |
| 260 | |a Boston | ||
| 260 | |b Martinus Nijhoff Publishers | ||
| 260 | |c 1984 | ||
| 650 | |a Technological innovations | ||
| 650 | |x Economic aspects | ||
| 904 | |i Năm | ||
| 980 | |a Trung tâm Học liệu Trường Đại học Cần Thơ | ||